Geography by first two letters: AD - Statistics

General Stats
  • This quiz has been taken 54 times
  • The average score is 5 of 12
Answer Stats
Hint Answer % Correct
Capital of Ethiopia Addis Ababa
100%
Southern City in Australia Adelaide
94%
Indian Ocean Gulf, Gulf of ________ Aden
88%
4th Biggest City in Yemen Aden
85%
Body of Water bordering Italy, Slovenia, and Croatia Adriatic
85%
5th Biggest City in Turkey Adana
42%
34th Biggest City in Nigeria: ____-Ekiti Ado
6%
2nd Most Eastern State of Nigeria Adamawa
2%
Gulf of Southern coast of Turkey, near Antalya Adalia
0%
16th Biggest City in Turkey Adazapari
0%
13th Biggest City in Sudan Ad-Damazin
0%
Ancient Civilization in modern Day Iraq and Armenia Adiabene
0%
No matching quizzes found
Score Distribution
Percent of People with Each Score
Percentile by Number Answered
Your Score History
You have not taken this quiz